JURNAL UNDANG-UNDANG TRIBUNAL RAYUAN KASTAM. (Record no. 1794)
[ view plain ]
| 000 -LEADER | |
|---|---|
| fixed length control field | aam a22 a 4500 |
| 003 - CONTROL NUMBER IDENTIFIER | |
| control field | AKMAL |
| 005 - DATE AND TIME OF LATEST TRANSACTION | |
| control field | 20170512091850.0 |
| 008 - FIXED-LENGTH DATA ELEMENTS--GENERAL INFORMATION | |
| fixed length control field | 170512s2011 my e w f000 0 may d |
| 020 ## - INTERNATIONAL STANDARD BOOK NUMBER | |
| Qualifying information | volume 1 |
| -- | hardback |
| 040 ## - CATALOGING SOURCE | |
| Original cataloging agency | AKMAL |
| 082 04 - DEWEY DECIMAL CLASSIFICATION NUMBER | |
| Classification number | 343.5950560269 KKM |
| Edition number | 23 |
| 090 00 - LOCALLY ASSIGNED LC-TYPE CALL NUMBER (OCLC); LOCAL CALL NUMBER (RLIN) | |
| Classification number (OCLC) (R) ; Classification number, CALL (RLIN) (NR) | 343.5950560269 |
| Local cutter number (OCLC) ; Book number/undivided call number, CALL (RLIN) | KKM |
| 245 00 - TITLE STATEMENT | |
| Title | JURNAL UNDANG-UNDANG TRIBUNAL RAYUAN KASTAM. |
| Number of part/section of a work | JILID 1 (1-30) |
| 264 #1 - PRODUCTION, PUBLICATION, DISTRIBUTION, MANUFACTURE, AND COPYRIGHT NOTICE | |
| Place of production, publication, distribution, manufacture | Kuala Lumpur : |
| Name of producer, publisher, distributor, manufacturer | Kementerian Kewangan Malaysia, |
| Date of production, publication, distribution, manufacture, or copyright notice | 2011 |
| 300 ## - PHYSICAL DESCRIPTION | |
| Extent | vi, 85 pages ; |
| Dimensions | 25 cm |
| 650 10 - SUBJECT ADDED ENTRY--TOPICAL TERM | |
| Topical term or geographic name entry element | Tariff |
| Geographic subdivision | Malaysia |
| Form subdivision | Cases |
| 9 (RLIN) | 3709 |
| 650 20 - SUBJECT ADDED ENTRY--TOPICAL TERM | |
| Topical term or geographic name entry element | Customs administration |
| Geographic subdivision | Malaysia |
| Form subdivision | Cases |
| 9 (RLIN) | 3710 |
| 710 2# - ADDED ENTRY--CORPORATE NAME | |
| Corporate name or jurisdiction name as entry element | Malaysia. |
| Subordinate unit | Kementerian Kewangan. |
| -- | Tribunal Rayuan Kastam, |
| Relator term | issuing body. |
| 9 (RLIN) | 3711 |
| 942 ## - ADDED ENTRY ELEMENTS (KOHA) | |
| Source of classification or shelving scheme | |
| Koha item type | Book |
| 950 ## - LOCAL HOLDINGS (RLIN) | |
| Permanent shelving location, LOC (RLIN) | AKMAL |
| Withdrawn status | Lost status | Source of classification or shelving scheme | Damaged status | Not for loan | Collection code | Home library | Current library | Shelving location | Date acquired | Inventory number | Total Checkouts | Full call number | Barcode | Date last seen | Price effective from | Koha item type | Date last checked out |
|---|---|---|---|---|---|---|---|---|---|---|---|---|---|---|---|---|---|
| NON-FICTION | AKMAL Melaka | AKMAL Melaka | PINJAMAN | 12.05.2017 | 001506 | 343.5950560269 KKM | 201703063 | 12.05.2017 | 12.05.2017 | Book | |||||||
| NON-FICTION | AKMAL Melaka | AKMAL Melaka | PINJAMAN | 12.05.2017 | 001507 | 343.5950560269 KKM | 201703064 | 12.05.2017 | 12.05.2017 | Book | |||||||
| NON-FICTION | AKMAL Melaka | AKMAL Melaka | PINJAMAN | 12.05.2017 | 001508 | 1 | 343.5950560269 KKM | 201703177 | 30.03.2023 | 12.05.2017 | Book | 24.03.2023 | |||||
| NON-FICTION | AKMAL Melaka | AKMAL Melaka | PINJAMAN | 12.05.2017 | 305880 | 343.5950560269 KKM | 201703178 | 12.05.2017 | 12.05.2017 | Book |
